Bruno, l'astronauta /

Perché a volte il pene diventa più grande? Perché un colpo ai testicoli fa così male? Bruno ha grandi sogni, uno tra tutti quello di arrivare nello spazio. Volteggiando tra i pianeti dell'Universo Bruno esplora il suo corpo, osservandone i mutamenti e le peculiarità. Tra sogni e realtà, Bruno ci por...

وصف كامل

محفوظ في:
التفاصيل البيبلوغرافية
المؤلفون الرئيسيون: Ziegelwanger, Sabine (مؤلف), Staffelmayr, Flo (مؤلف)
مؤلفون آخرون: Horak, Anna (المصور), Maciocci, Chiara (المترجم)
التنسيق: كتاب
اللغة:الإيطالية
منشور في: Cagli : Settenove, ©2022, stampa 2023
الموضوعات:
الوسوم: إضافة وسم
لا توجد وسوم, كن أول من يضع وسما على هذه التسجيلة!

MARC

LEADER 00000nam a22000007i 4500
001 IT\ICCU\UBO\4693826
003 ItRI
005 20260115232208.0
008 230327s2023 it |||||| |||||0|||||c
020 |a 9788898947911 
040 |b ita  |c importazione bologna sebina 
041 7 |a ita  |2 ISO-639-2 
082 |a 649.65  |9 PUERICOLTURA. EDUCAZIONE SESSUALE  |2 23 
100 1 |a Ziegelwanger, Sabine  |0 IT\ICCU\UBOV\084340  |4 aut 
240 1 0 |a Bruno will hoch hinaus  |3 IT\ICCU\UBO\4693831  |9 Ziegelwanger, Sabine 
245 1 0 |a Bruno, l'astronauta /  |c Sabine Ziegelwanger, Flo Staffelmayr ; illustrazioni di Anna Horak ; traduzione di Chiara Maciocci. 
260 |a Cagli :  |b Settenove, ©2022,  |c stampa 2023 
300 |a 1 volume (senza paginazione) :  |b ill. ;  |c 29 cm 
520 |a Perché a volte il pene diventa più grande? Perché un colpo ai testicoli fa così male? Bruno ha grandi sogni, uno tra tutti quello di arrivare nello spazio. Volteggiando tra i pianeti dell'Universo Bruno esplora il suo corpo, osservandone i mutamenti e le peculiarità. Tra sogni e realtà, Bruno ci porta a scoprire il mondo - attorno a sé e dentro sé - imparando cose nuove sul suo pene e i genitali maschili. L'albo, rivolto a bambini dai quattro anni in su, intreccia la storia di Bruno a informazioni utili sulla cura del corpo, l'anatomia e la salute. Mira a fornire risposte e suscitare domande sui genitali maschili per contribuire a costruire un rapporto positivo con il proprio corpo a partire dall'infanzia. Dopo Lina l'esploratrice, un nuovo albo, in versione maschile, che offre uno sguardo libero e curioso sui corpi, per conoscerli e prendersene cura, al di là di incertezze e tabù. Età di lettura: da 4 anni. 
650 7 |a EDUCAZIONE SESSUALE  |x Manuali 
700 1 |a Horak, Anna  |0 IT\ICCU\NAPV\207743  |4 ill 
700 1 |a Maciocci, Chiara  |0 IT\ICCU\NAPV\207744  |4 trl 
700 1 |a Staffelmayr, Flo  |0 IT\ICCU\NAPV\207742  |4 aut 
942 |2 ddc  |c BK  |n 0 
952 |0 0  |1 0  |4 0  |6 R_612_610000000000000_ZIE  |7 0  |9 21754  |a BO  |b BO  |d 2026-01-15  |i 20392  |l 0  |o R 612.61 ZIE  |p BO20392  |r 2026-01-15 23:22:08  |w 2026-01-15  |x [Sebina 5] [1 v.]  |y BK  |z 1 v. 
999 |c 18587  |d 18587